000 00553nam a2200157 a 4500
001 000033635
005 20200930070413.0
008 110902s1859 fr 000 0 spa d
040 _aDO-SdBNP
_bspa
_cBNPHU
100 1 _aRoselly de Lorgues
_959110
245 1 0 _aChristophe Colomb :
_bhistoire de sa vie et de ses voyages d'apres des documents autentiques tirés d'Espagne et d'Italie /
_cRoselly de Lorgues.
260 _aParis :
_bDidier et G,
_c1859.
300 _av. :
_bil., mapa. ;
_c23 cm.
500 _aLa biblioteca posee el v. 1-2
049 _aBNPD
999 _c33126
_d33126